| 000 | 00515nam a22001697a 4500 | ||
|---|---|---|---|
| 999 |
_c15700 _d15700 |
||
| 008 | 201023b ||||| |||| 00| 0 eng d | ||
| 020 | _a9715740014 | ||
| 082 |
_21997 _aDFil 808.899282 _bP21 |
||
| 100 |
_aParayno, Salud M. _942478 |
||
| 245 |
_aChildren's literature/ _cSalud M. Parayno |
||
| 250 | _aRev. ed. | ||
| 260 |
_aQuezon City: _bKatha Pub., _c©1997. |
||
| 300 |
_a131 pages; _c25 cm. |
||
| 500 | _aIncludes bibliographical references. | ||
| 650 |
_aChildren's literature. _942479 |
||
| 942 |
_2ddc _cDFIL |
||